| 000 | 00514nam a22001457a 4500 | ||
|---|---|---|---|
| 008 | 131219b xxu||||| |||| 00| 0 eng d | ||
| 050 | _aJQ2929.A5.S686 2013 | ||
| 100 |
_aSolidarity Peace Trust _96176 |
||
| 245 |
_aThe end of the road _bThe 2013 elections in Zimbabwe _cSolidarity Peace Trust |
||
| 260 |
_aJohannesburg _bSolidarity Peace Trust _c2013 |
||
| 300 |
_a56p.; _c27cm. |
||
| 500 | _aComputer printout - taken from the internet | ||
| 650 |
_aElections _y2013 _zZimbabwe _96177 |
||
| 942 |
_2lcc _cMONOGRAPH _01 |
||
| 999 |
_c119413 _d119413 |
||